| 000 | 00936nam a2200289 i 4500 | ||
|---|---|---|---|
| 001 | bg | ||
| 100 | 1 | _aGrabara, Janusz K. | |
| 245 | 1 | 0 |
_aSystemy informatyczne w energetyce / _cJanusz K. Grabara, Lucjan Kurzak, Tomasz Lis ; Politechnika Częstochowska. |
| 260 |
_aCzęstochowa : _bWydawnictwo Politechniki Częstochowskiej, _c2007. |
||
| 300 |
_a169 s. : _bil. ; _c24 cm. |
||
| 490 | 1 |
_aSkrypty Politechniki Częstochowskiej _v58 |
|
| 504 | _aBibliogr. s. 167-169. | ||
| 650 | 9 |
_aSystemy informatyczne _xstosowanie _xenergetyka |
|
| 655 | _aPodręczniki akademickie | ||
| 700 | 1 | _aKurzak, Lucjan. | |
| 700 | 1 | _aLis, Tomasz. | |
| 830 | _aSkrypty Politechniki Częstochowskiej | ||
| 015 | _aPB 10457/2008 | ||
| 020 | _a9788371933370 | ||
| 040 | _cBPK | ||
| 041 | _apol | ||
| 044 | _aPOL | ||
| 080 | _a620.91:004.42](075.8) | ||
| 920 | _a978- 83-7193-337-0 | ||
| 942 | _cKS | ||
| 008 | 080401s2007 pl a |000 0 pol | ||
| 999 |
_c55544 _d55544 |
||
| 856 |
_uhttp://koha.tu.koszalin.pl/cgi-bin/koha/opac-detail.pl?biblionumber=55544 _yKatalog online BPK |
||